उन्नति की राहें / (Record no. 51915)

MARC details
000 -LEADER
fixed length control field 01039nam a22002537a 4500
005 - DATE AND TIME OF LATEST TRANSACTION
control field 20091111111733.0
008 - FIXED-LENGTH DATA ELEMENTS--GENERAL INFORMATION
fixed length control field 091111t xxu||||| |||| 00| j hin d
010 ## - LCCN (DPL NO)
LC control number HIN-92499
020 ## - INTERNATIONAL STANDARD BOOK NUMBER
Terms of availability 125.00
International Standard Book Number 8190317719
035 ## - SYSTEM CONTROL NUMBER
System control number HN-64845
037 ## - SOURCE OF ACQUISITION
Source of stock number/acquisition DBAD / PUB
040 ## - CATALOGING SOURCE
Original cataloging agency DPL
Language of cataloging HN
082 ## - DEWEY DECIMAL CLASSIFICATION NUMBER
Classification number 158.1
100 ## - MAIN ENTRY--PERSONAL NAME
Personal name मार्डेन, स्वेट
9 (RLIN) 27478
245 ## - TITLE STATEMENT
Title उन्नति की राहें /
Statement of responsibility, etc स्वेट मार्डेन
246 ## - VARYING FORM OF TITLE
Title proper/short title Unnti kee rahane
Remainder of title by Swait Mardain
260 ## - PUBLICATION, DISTRIBUTION, ETC. (IMPRINT)
Place of publication, distribution, etc पंचकूला
Name of publisher, distributor, etc बेटर बुक्स
Date of publication, distribution, etc 2011
270 ## - ADDRESS
Address #1471- सेक्टर-15
City पंचकूला (हरियाणा)
300 ## - PHYSICAL DESCRIPTION
Extent 72पृ
Dimensions 22सेमी (सजिल्द)
650 ## - SUBJECT ADDED ENTRY--TOPICAL TERM
9 (RLIN) 1169
650 ## - SUBJECT ADDED ENTRY--TOPICAL TERM
9 (RLIN) 1170
942 ## - ADDED ENTRY ELEMENTS (KOHA)
Source of classification or shelving scheme Dewey Decimal Classification
Item type Hindi Books
Classification part 158.1
Call number suffix मार्डेन
Holdings
Withdrawn status Lost status Source of classification or shelving scheme Damaged status Not for loan Collection code Home library Current library Date acquired Source of acquisition Cost, normal purchase price Total Checkouts Full call number Barcode Date last seen Copy number Cost, replacement price Koha item type
    Dewey Decimal Classification   Not For Loan Non-fiction D.B.Act.Division D.B.Act.Division 26/04/2011 DBAD /PUB 125.00   158.1 मार्डेन HN-64845 26/04/2011 1 125.00 Hindi Books

© Delhi Public Library
Hit Counter
free hit counter